000 00261nam a22001217a 4500
008 170324b xxu||||| |||| 00| 0 eng d
041 _aeng
080 _a611
100 _a6
101 _aSHM
245 _aANATOMY AND PHYSIOLOGY
_cJENKINS, G.W
942 _2udc
_cBK
999 _c8535
_d8535